Az áldozattá válás kriminológia- pszichológiai aspektusai

Elmentve itt :
Bibliográfiai részletek
Szerző: Százados Csilla
További közreműködők: Zsolczai István (Témavezető)
Dokumentumtípus: Szakdolgozat
Megjelent: 2009
Tárgyszavak:
Online Access:http://diploma.bibl.u-szeged.hu/92137
LEADER 00655nta a2200181 i 4500
001 dipl92137
005 20200901120157.0
008 200901s2009 hu om 0|| zxx d
040 |a SZTE Diploma Repozitórium  |b hun 
041 |a zxx 
100 1 |a Százados Csilla 
245 1 3 |a Az áldozattá válás kriminológia- pszichológiai aspektusai  |h [elektronikus dokumentum] /  |c Csilla Százados 
260 |c 2009 
650 4 |a Orvos- és egészségtudományok 
650 4 |a Medical and health sciences 
650 4 |a Health sciences 
700 1 |a Zsolczai István  |e ths 
856 4 0 |u http://diploma.bibl.u-szeged.hu/id/eprint/92137/1/2009_szazados_csilla.pdf  |z Dokumentum-elérés